000 03663nam0a2200541 4500
001 RU\NLR\BIBL_A\011599493
005 20260408073405.0
021 _aRU
_b2017-87991
_96286
029 1 0 _aRU
_b50571.7.722-2017
_cГОСТ Р
029 1 0 _aRU
_b60364-7-722:2015
_cМЭК
035 _a(RuMoRGB)009461459
035 _a(NLR Aleph) 011599493
090 _a10880572
_c10880572
100 _a20180122d2017 k y0rusy50 ca
101 0 _arus
102 _aRU
105 _ay l 000|y
200 1 _aЭлектроустановки низковольтные
_hч. 7-722
_iТребования к специальным электроустановкам или местам их расположения
_iИсточники питания для электромобилей
_dLow-voltage electrical installations. Part 7-722. Requirements for special installations or locations. Supplies for electric vehicles
_zeng
_eГОСТ Р 50571.7.722-2017
_eМЭК 60364-7-722:2015
_fподготовлен Негосударственным образовательным учреждением высшего профессионального образования "Московский институт энергобезопасности и энергосбережения" (НОУ ВПО "МИЭЭ"), Федеральным государственным унитарным предприятием "Всероссийский научно-исследовательский институт стандартизации и сертификации в машиностроении" (ВНИИНМАШ)
205 _aИзд. офиц.
210 _aМосква
_cСтандартинформ
_d2017
215 _aIV, 19 c.
_d29
225 1 _aНациональный стандарт Российской Федерации
_fФедеральное агентство по техническому регулированию и метрологии
239 _aВвед. 01.01.2019
320 _aБиблиогр.: с. 18 (10 назв.)
510 1 _aLow-voltage electrical installations
_zeng
510 1 _aRequirements for special installations or locations
_zeng
510 1 _aSupplies for electric vehicles
_zeng
517 1 _aГОСТ Р 50571.7.722-2017
517 1 _aМЭК 60364-7-722:2015
606 1 _aЭлектромобили
_jСтандарты
_xЭлектрооборудование
_91961112
_3RU\NLR\AUTH\66897717
606 _aАвтомобильные аккумуляторы
_jСтандарты
_9888574
_3RU\NLR\AUTH\66656
610 0 _aэлектроустановки напряжением до 1 кВ
610 0 _aэлектроснабжение
610 0 _aзащита от поражения электрическим током
675 _a621.316.542:006.354
686 _a43.120
_v2000
_2ОКС
686 _a91.140.50
_2ОКС
686 _a34 02
_2ОКСТУ
686 _aЕ71
_2классификатор
686 1 _aО333.2-048.2я861
712 0 2 _4900
_aМосковский институт энергобезопасности и энергосбережения
_3RU\NLR\AUTH\8810143830
_9782211
712 0 2 _4900
_aВсероссийский НИИ стандартизации и сертификации в машиностроении
_3RU\NLR\AUTH\889929881
_9355339
712 0 1 _4725
_aРоссийская Федерация
_bФедеральное агентство по техническому регулированию и метрологии
_3RU\NLR\AUTH\8810064304
_9630205
942 _cBOOK
980 _aNBR